Economics of Labour and Industrial Relations (Record no. 341920)
[ view plain ]
| 000 -LEADER | |
|---|---|
| fixed length control field | 00328nam a22001337a 4500 |
| 020 ## - INTERNATIONAL STANDARD BOOK NUMBER | |
| International Standard Book Number | 817288222 |
| 082 ## - DEWEY DECIMAL CLASSIFICATION NUMBER | |
| Classification number | 331. |
| Item number | BHA/EC |
| 100 ## - MAIN ENTRY--PERSONAL NAME | |
| Personal name | Bhagoliwal T.N. |
| 9 (RLIN) | 1370 |
| 245 ## - TITLE STATEMENT | |
| Title | Economics of Labour and Industrial Relations |
| 250 ## - EDITION STATEMENT | |
| Edition statement | 1 st |
| 260 ## - PUBLICATION, DISTRIBUTION, ETC. (IMPRINT) | |
| Place of publication, distribution, etc. | Agra |
| Name of publisher, distributor, etc. | Sahitya Bhawan Publications |
| Date of publication, distribution, etc. | 2005 |
| 300 ## - PHYSICAL DESCRIPTION | |
| Extent | 675 |
| 942 ## - ADDED ENTRY ELEMENTS (KOHA) | |
| Koha item type | Book Bank scheme for SC students |
| Withdrawn status | Lost status | Damaged status | Not for loan | Collection code | Home library | Current library | Shelving location | Date acquired | Source of acquisition | Cost, normal purchase price | Total Checkouts | Full call number | Barcode | Date last seen | Price effective from | Koha item type |
|---|---|---|---|---|---|---|---|---|---|---|---|---|---|---|---|---|
| Kelappaji College of Agricultural Engineering & Technology Library, Tavanur | Kelappaji College of Agricultural Engineering & Technology Library, Tavanur | 30/08/2016 | Cosmo Books, Thrissur. | 140.00 | 331. BHA/EC | KAU_KCAEFT-BB 9 | 30/08/2016 | 30/08/2016 | Book Bank scheme for SC students | |||||||
| Kelappaji College of Agricultural Engineering & Technology Library, Tavanur | Kelappaji College of Agricultural Engineering & Technology Library, Tavanur | 30/08/2016 | Cosmo Books, Thrissur. | 140.00 | 331. BHA/EC | KAU_KCAEFT-BB 10 | 30/08/2016 | 30/08/2016 | Book Bank scheme for SC students |
